Statistiche per Indovina lo stadio -Serie A

Clicka qui per fare il quiz!

Statistiche generali

  • Questo quiz è stato fatto 105 volte
  • Il punteggio medio è 7 su 10

Statistiche sulle risposte

Risposta% Corretto
San Siro /Giuseppe Meazza
100%
Olimpico
89%
Allianz Stadium
86%
Diego Armando Maradona
83%
Artemio Franchi
77%
Luigi Ferraris/ Marassi
68%
Dacia Arena
52%
Mapei Stadium
50%
Marcantonio Bentegodi
50%
U-power Stadium
36%

Distribuzione punteggi

Percentile per numero di risposta

Percentuale di utenti per punteggio

I tuoi punteggi nel tempo

Non hai fatto questo quiz